| 000 | 00426nam a2200181Ia 4500 | ||
|---|---|---|---|
| 003 | 0STCL | ||
| 008 | 150530s9999 xx 000 0 und d | ||
| 040 |
_aSTCL _cSTCL |
||
| 100 | _aKrishna Warrier, N.V. | ||
| 245 | _aN.V yude Krithikal | ||
| 250 | _a1 | ||
| 260 |
_bSahithya Pravarthaka Co Operative Society _c1976 |
||
| 300 | _a0 | ||
| 546 | _aMalayalam | ||
| 942 |
_2ddc _cBK |
||
| 999 |
_c48297 _d48297 |
||
| 005 | 20220125170740.0 | ||